LEADER 01052nam a2200229 i 4500 001 000000235112 003 CaOOAMICUS 005 20141029000000.0 008 141029s1893 it u000 u fre u 013 $a214015 040 $aSeMil$bita 100 1 $aCrousaz-Crétet, Paul : de <1840-1926>.$0(OLS)http://semarc/name/58113 245 12$aL'Église et l'État :$bou les deux puissances au 18. siècle, 1715-1789 /$cP. de Crousaz-Crétet. 260 $aParis :$bVictor Retaux et fils,$c1893. 300 $aV, 371 p. ;$c19 cm. 650 4$aFrancia - Storia religiosa.$0(OLS)http://semarc/subject/3521 650 4$aChiesa e Stato - Francia - Sec. 17.-19.$0(OLS)http://semarc/subject/13138 850 $aSeMil 852 $aSeMil$W1$xSeveso$y2$m3C I 18 FA$j185458$B185458$CSeMilBibl$Z2$F196329 $8I 961 $aRecupero: Giobbi Adolfo, prof. 996 $6245$aL'Église et l'État :$bou les deux puissances au 18. siècle, 1715-1789$9(OLS)http://semarc/title/335308 996 $6260$aParis :$bVictor Retaux et fils$9(OLS)http://semarc/publisher/43588 LEADER 01128nam a2200217 i 4500 001 000000005922 003 CaOOAMICUS 005 20220317141333.0 008 180830s1827 it u000 u ita u 040 $aSeMil$bita 110 2 $aPia Associazione de' Libri morali .$0(OLS)http://semarc/name/8326 245 10$aVerità di teologia naturale dedotte da' soli principj di ragione opera classica scelta a far parte de' libri morali che si pubblicano per cura della Pia Associazione. Vol. 1. [-2.]. 260 $aVenezia :$bDalla Tip. Gov. di Giuseppe Gattei,$c1827. 300 $a2 v. ;$c12°. 500 $aLegati insieme i 2 vol. 700 1 $aGattei, Giuseppe,$c.$0(OLS)http://semarc/name/2948 774 0 $tVol. 1.$g1$w()67746 774 0 $tVol. 2.$g2$w()220966 996 $6245$aVerità di teologia naturale dedotte da' soli principj di ragione opera classica scelta a far parte de' libri morali che si pubblicano per cura della Pia Associazione. Vol. 1. [-2.]$9(OLS)http://semarc/title/8130 996 $6260$aVenezia :$bDalla Tip. Gov. di Giuseppe Gattei$9(OLS)http://semarc/publisher/31640 LEADER 01285nam a2200265 i 4500 001 000000069984 003 CaOOAMICUS 005 20080619000000.0 008 080619s2008 it u000 u ita u 013 $a41156 020 $a978-88-215-6270-9 040 $aSeMil$bita 110 0 $aConferenza Episcopale Italiana : Servizio Nazionale Progetto Culturale.$0(OLS)http://semarc/name/10366 245 10$aFare progetto culturale :$btemi e percorsi sulla questione dell'uomo e della verità /$cServizio Nazionale per il Progetto Culturale della CEI. 260 $aCinisello Balsamo :$bSan Paolo,$ccopyr. 2008. 300 $a156 p. ;$c20 cm. 490 0 $aProgetto culturale CEI 650 4$aChiesa - Italia - Progetto culturale.$0(OLS)http://semarc/subject/13921 830 0$aProgetto culturale CEI.$0(OLS)http://semarc/title/25871 850 $aSeMil 852 $aSeMil$W1$xVenegono$y1$m2D I 271$j36137$B36137$CSeMilBibl$Z2$F36140 $81 961 $aOmaggio per recensione: Scuola Cattolica 996 $6020$a978-88-215-6270-9$9(OLS)http://semarc/number/48656 996 $6245$aFare progetto culturale :$btemi e percorsi sulla questione dell'uomo e della verità$9(OLS)http://semarc/title/112237 996 $6260$aCinisello Balsamo :$bSan Paolo$9(OLS)http://semarc/publisher/30129 LEADER 00908nam a2200217 i 4500 001 000000086611 003 CaOOAMICUS 005 20180830150011.0 008 180830s1958 xx u000 u und u 013 $a58851 040 $aSeMil$bita 245 12$aL'Apocalisse. 260 $aSiena :$bCantagalli,$c1958. 300 $a254 p. 650 4$aBibbia. Nuovo Testamento. Apocalisse - Commentari, studi, critica, interpretazioni.$0(OLS)http://semarc/subject/1763 650 4$aBibbia. Nuovo Testamento. Vangelo secondo Giovanni - Commentari, studi, critica, interpretazioni.$0(OLS)http://semarc/subject/119 700 1 $aMorelli, Angelo.$0(OLS)http://semarc/name/39827 850 $aSeMil 852 $aSeMil$W1$xVenegono$y1$m74 1 164 *$j50266$B50266$CSeMilBibl$Z2$F54210 $81 996 $6245$aL'Apocalisse$9(OLS)http://semarc/title/123426 996 $6260$aSiena :$bCantagalli$9(OLS)http://semarc/publisher/29767